Größte Städte Niedersachsens (Top 10) - Statistiken

Allgemein
  • Dieses Quiz wurde 148 mal gespielt
  • Das Durchschnittsergebnis liegt bei 8 aus 10
Antwortstatistiken
Hint Antwort % Korrekt
545.000 Hannover
100%
252.000 Braunschweig
93%
167.000 Osnabrück
90%
126.000 Wolfsburg
87%
173.000 Oldenburg
86%
119.000 Göttingen
77%
102.000 Hildesheim
66%
105.000 Salzgitter
62%
77.000 Lüneburg
58%
78.000 Delmenhorst
47%
Keine übereinstimmenden Quizze gefunden
Verteilung der Resultate
Anzahl Personen mit jedem Resultat
Perzentil nach korrekt beantworteten Fragen
Ihre Resultats-Entwicklung
Sie haben dieses Quiz noch nicht gespielt